All summer with you

Bibliographic Details
Main Author: Good, Beth
Format: Book
Published: London : Quercus , 2019
Subjects:

MARC

LEADER 00000cam a2200000 7i4500
001 0000278571
005 20201207123031.0
020 |a 9781787477414 
090 0 |a F   |b GOO 
100 1 |a Good, Beth 
245 1 0 |a All summer with you   |c Beth Good 
260 |a London :   |b Quercus ,   |c 2019 
300 |a 368p. ;   |c 20cm. 
650 0 |a Fiction 
999 |a 00385724   |b BUKU   |c PINJAMAN   |e PERPUSTAKAAN KOMUNITI PETALING JAYA